MDQL
is popping MORE tags! Check the
thread
!
Quizzes
Events
Quiz Creation
Community
Videos
Private Events
Remove Ads
Sign In
Join for FREE
Feedback
Dark Mode
Quiz Categories
Sports
Geography
Music
Movies
Television
Just For Fun
Miscellaneous
History
Literature
Language
Science
Gaming
Entertainment
Religion
Holiday
For Kids
Quiz Lab
Recent
Popular Today
Quiz Kudos Today
Editor Picks
Curator Picks
Quizzes by...
Day
Popularity
Type
Ratings
Length
Year
Community
Subscriptions
Recent Discussions
Orange Saloon
Badges
Playlists
Quests
Create
Leaderboards
Showdown
Live 5
Trivia Bingo
Activity
Puzzle Library
Sporcle Events
Private Events
Virtual Trivia
Globe League
Become a Host
Pub Owners
SporcleCon
Opinionation
Our Games
Videos
Blog
Mobile Apps
Partnerships
Remove Ads and Go Orange
Feedback
Music
Pop Music
The Beatles
Song
Album
Lyrics
Bands
Singers
Artist
Clip
Rock
Rap
Classical
Billboard
Country Music
Kpop
Taylor Swift
Music
Pop Music
The Beatles
Song
Album
Lyrics
Bands
Singers
Artist
Clip
Rock
Rap
Classical
Billboard
Country Music
Kpop
Taylor Swift
Random Quiz
Search Sporcle
×
Quiz Lab
Quiz Lab
Music
Artist
Type in answers that appear in a list
Type in answers that appear in a list
Classic
Best Score? Go Orange.
70000 Tons Of Metal Line-Up Stats
Can you name the Artists Who Played At 70000 Tons of Metal 2011?
By
Ecliptica
12m
42 Questions
25 Plays
25 Plays
25 Plays
Comments
Comments
Give Quiz Kudos
Give Quiz Kudos
-
- Ratings
hide this ad
Replay
Link that replays current quiz
Next Quiz
Link to next quiz in quiz playlist
You Got
0%
They Got
Avg Score
45%
Avg Friend Score
Upgrade to see
Score Distribution
Jump to the score distribution portion of the page
Score
0/42
Timer
12:00
0
Plays Today
Song Hint
% Correct
Pursuit of Vikings
Amon Amarth
80%
Demanufacture
Fear Factory
64%
Valhalla
Blind Guardian
60%
Punish My Heaven
Dark Tranquillity
60%
Rebellion in Dreamland
Gamma Ray
60%
Enemies of Reality
Nevermore
60%
Cry For The Moon
Epica
56%
Opium
Moonspell
56%
Princess of the Night
Saxon
56%
Treacherous Gods
Ensiferum
52%
The Coming Curse
Iced Earth
52%
Beer Beer
Korpiklaani
52%
Higher Than The Sky
Rage
52%
Over the Wall
Testament
52%
Sinklars Visa
Tyr
52%
Voracious Souls
Death Angel
48%
Strike of the Beast
Exodus
48%
Midnattens Widunder
Finntroll
48%
Slowly We Rot
Obituary
48%
Die For My Sins
Sanctuary
48%
This Round's On Me
Blackguard
44%
Song Hint
% Correct
Wolves
Marduk
44%
40:1
Sabaton
44%
The Cage
Sonata Arctica
44%
Into Glory Ride
Unleashed
44%
Unstoppable Force
Agent Steel
40%
Shortcut
Cripper
40%
Chalice of Blood
Forbidden
40%
Break The Chain
Raven
40%
Outbreak of Evil
Sodom
40%
Cruise Ship Terror
Swashbuckle
40%
Tribal Convictions
Voivod
40%
The Face Of My Innocence
Arsis
36%
Eternal Ban
Destruction
36%
Hammerheart
Twilight of the Gods
36%
Blood of Witches
Witchburner
36%
Revelations
Circle II Circle
32%
Infernal Desire
Malevolent Creation
32%
Polar Nights
Uli Jon Roth
32%
A Promise From Underneath
Dusk Machine
28%
Riders of the Plague
The Absence
28%
Psychotic Reaction
Trouble
20%
Quiz Playlist
Details
Report
Send in Message
Add To Playlist
Classic:
Type in answers that appear in a list
Quiz Source
Last Updated: Feb 16, 2017
Quiz Scoreboard
CHALLENGE
Sign Up to Join the Scoreboard
Show All
Scores
Hide
Comments
May contain spoilers
Recently Published
Colored Red Africa Blitz
by spor1
Geography
30s
Find the 'City' Movie
by crazypaving
Movies
60s
5x2 Blitz: Bands
by SL_Kpop136
Music
30s
More to Explore
Quiz From the Vault
Featured Blog Post
14 Easter Pick-up Lines to Find Eggs With
hide this ad
You Might Also Like...
Tags
Artist Quiz
Song Quiz
2011
line-up
metal
ton
Today's Top Quizzes in Music
Browse Music
hide this ad
Today's Top Quizzes in Artist
Browse Artist
Top Contributed Quizzes in Music
1
5X2 Blitz: Bands II
2
Taylor Swift All Songs (2024)
3
Taylor Swift Logic Puzzle II
4
5X2 Blitz: The Beatles
5
5X2 Blitz: Billboard
6
Taylor Swift Logic Puzzle
7
5X2 Blitz: Billboard II
8
5X2 Blitz: Album
9
5X2 Blitz: Singers
10
Music Artist by Three 2010s hits
Explore More
Trending Topics
Marvel
NBA
Disney
Crossword
Kpop
Harry Potter
Anime
The Office
Soccer
Pokémon
Puzzle
NFL
Country
Song
WWE
hide this ad
More By:
Ecliptica
Quiz
Plays
Rating
Category
Featured
Created
NCAA Track and Field Team Champions
979
5.00
Sports
Oct 23, 2009
Most Literate Countries
924
3.70
Geography
Dec 4, 2009
Johnny Unitas Golden Arm Winners
473
4.00
Sports
Sep 25, 2009
Metal Band's Country of Origin
364
4.50
Music
May 12, 2011
NBA - Tall, Short, Fat, and Thin
308
4.00
Sports
Feb 26, 2011
Go to Creator's Profile
Score Distribution
Quiz Creator Spotlight
Ecliptica
Follow
Send a Message
Quizzes Created
-
Created Quiz Play Count
-
More By This Creator
Popular Quizzes Today
1
Find the 'City' Movie
2
Colored Red Africa Blitz
3
Find the US States - No Outlines Minefield
4
5x2 Blitz: Bands
5
The Countries of the World
6
Find the US States
7
US States
8
9x9 Crossword: Cartoon Network
More Music Quizzes
KPOP Idol MEME Hunt! [MINEFIELD]
Quiz Lab
Trending Quizzes
Colored Red Europe Blitz I
Colored Red Africa Blitz II
Colored Red Europe Blitz II
Colored Red Africa Blitz III
Colored Red Europe Blitz III
Recently Updated
2024 March Madness Bracket
pecheneg
Famous TV Couples
Peacemaker
Champions League XIs: Real Madrid
pecheneg
Largest US Cities 1790-2010
pecheneg
Rides in Walt Disney World
pecheneg
Most Oscar Losses (Acting)
pecheneg
Beyoncé Albums
pecheneg
Leaping Animals
pecheneg
Reality TV Shows (A-Z)
bhenderson79
Rickey Henderson's Hall of Fame Teammates
pecheneg
Trending Topics
Marvel
Harry Potter
Kpop
Anime
Crossword
NBA
Disney
The Office
WWE
NFL
Pokémon
Song
Puzzle
Soccer
Country
Your Account Isn't Verified!
In order to create a playlist on Sporcle, you need to verify the email address you used during registration. Go to your
Sporcle Settings
to finish the process.
Report this User
Report this user for behavior that violates our
Community Guidelines
.
Details:
Send Report
Go to the Sporcle.com Mobile Site →
Comments